LEGO Star Wars III: The Clone Wars: Playable Characters - Statistics

General Stats
  • This quiz has been taken 759 times
  • The average score is 43 of 115
Answer Stats
Answer % Correct
Anakin Skywalker
98%
Obi-Wan Kenobi
97%
Captain Rex
88%
Commander Cody
87%
Yoda
87%
Count Dooku
84%
Padme Amidala
83%
Mace Windu
82%
Ahsoka
80%
Darth Sidious (Classic)
78%
R2-D2
78%
C-3PO
76%
Clone Pilot
74%
Clone Trooper
74%
Heavy Weapons Clone Trooper
74%
Workout Clone Trooper
74%
Kit Fisto
72%
Darth Vader Battle Damaged (Classic)
69%
Darth Vader (Classic)
69%
Chancellor Palpatine
67%
Battle Droid
66%
Commander Battle Droid
66%
Darth Maul (Classic)
65%
Ki-Adi-Mundi
65%
Luke Skywalker (Classic)
65%
Asajj Ventress
64%
Plo Koon
64%
Princess Leia (Classic)
62%
Fives
61%
Jango Fett
61%
Jar Jar Binks
60%
Hevy
56%
Han Solo (Classic)
55%
Aayla Secura
54%
Cad Bane
54%
Luminara Unduli
54%
Boba Fett (Classic)
53%
Echo
53%
Gold Super Battle Droid
53%
Heavy Super Battle Droid
53%
Super Battle Droid
52%
Chewbacca (Classic)
50%
Bariss Offee
49%
Savage Opress
45%
Destroyer Droid
44%
Commander Bly
39%
Qui-Gon Jinn (Classic)
39%
Aurra Sing
38%
Nute Gunray
38%
General Greivous
37%
Wat Tambor
36%
Clone Shadow Trooper (Classic)
35%
Stormtrooper (Classic)
35%
Lando Calrissian (Classic)
33%
IG-86
32%
Waxer
32%
Commander Ponds
31%
Boil
30%
Poggle The Lesser
30%
Hondo Ohnaka
29%
Bail Organa
28%
Geonosian Guard
28%
R4-P17
28%
Undead Geonosian
28%
Grand Moff Tarkin
27%
Lieutenant Thire
26%
Nahdar Vebb
26%
Jek
25%
Eeth Koth
24%
Adi Gallia
23%
Admiral Yularen
22%
Commando Droid
22%
Vader's Apprentice (Classic)
22%
Commander Stone
21%
Commander Fil
19%
Rys
19%
Admiral Ackbar (Classic)
18%
Obi-Wan Kenobi (Classic)
18%
Gonk Droid
17%
Greedo (Classic)
17%
R3-S6
16%
Captain Typho
15%
Dr. Nuvo Vindi
15%
Robonino
15%
Tusken Raider (Classic)
14%
Wedge Antilles (Classic)
14%
MSE-6
13%
TX-20
13%
Bib Fortuna
12%
Wag Too
12%
Pirate Ruffian
11%
R6-H5
11%
Turk Falso
11%
Senate Commando
10%
Senate Commando Captain
10%
Captain Antilles (Classic)
9%
Onaconda Farr
9%
Helios 3-D
8%
Lok Durd
8%
Gamorrean Gaurd
7%
Probe Droid
7%
Shahan Alama
7%
Whorm Loathsom
7%
Luxury Droid
6%
Senator Kharrus
6%
LEP Servant Droid
5%
Lurmen Villager
5%
Magnagaurd
5%
Queen Neeyutnee
4%
Senator Philo
4%
Tee Wat Kaa
4%
Nemoidian
3%
Rebel Commando (Classic)
3%
Sionver Boil
3%
Imperial Guard (Classic)
2%
No matching quizzes found
Score Distribution
Percent of People with Each Score
Percentile by Number Answered
Your Score History
You have not taken this quiz